000 00916nam a2200265 i 4500
001 10660
003 KOSZ 005
005 20200218121425.0
008 080927s1953 pl a f 000 0 pol
015 _aPB 1953/7501
040 _aWA N
_cKOSZ 005/RW
_dKOSZ 005/RW
_dKOSZ 005/HR
046 _k1953
080 _a528
100 1 _aKamela, Czesław
_d(1910-1992)
_eAutor
245 1 0 _aGeodezja dynamiczna.
_nT. 1 /
_cCzesław Kamela.
260 _aWarszawa :
_bPaństwowe Przedsiębiorstwo Wydawnictw Kartograficznych,
_c1953.
300 _a379, [1] s. :
_bil. ;
_c24 cm.
380 _aKsiążki.
388 _a1901-
658 _aGeografia i nauki o Ziemi
650 4 _aGeodezja
710 2 _aPaństwowe Przedsiębiorstwo Wydawnictw Kartograficznych
_4pbl.
856 _uhttp://koha.tu.koszalin.pl/cgi-bin/koha/opac-detail.pl?biblionumber=10660
_yKatalog online BPK
942 _2UKD
_cKS
999 _c10660
_d10660